"Ein Wunder wie der goldene Zahn"
| Titel: | "Ein Wunder wie der goldene Zahn" : eine "unerhörte Begebenheit" aus dem Jahre 1593 macht Geschichte(n) / Robert Jütte |
|---|---|
| Verfasser: | |
| Veröffentlicht: | Ostfildern : Thorbecke, 2004 |
| Umfang: | 143 S. : Ill. |
| Format: | Buch |
| Sprache: | Deutsch |
| RVK-Notation: |
·
·
·
|
| ISBN: | 3799501436 |
| Hinweise zum Inhalt: |
Inhaltsverzeichnis
|
| Lokale Klassifikation: | 14 8 W 258 ; 14 16 ; 14 15 O |
|---|
alg: 12817091 001A $03004:27-04-05 001B $01999:26-05-23 $t19:18:35.000 001C $03023:10-12-14 $t17:49:17.000 001D $03004:04-05-05 001U $0utf8 001X $00 002@ $0Aau 003@ $0128170913 003O $059615272 $aOCoLC 004A $03-7995-0143-6 004K $09783799501439 006G $0971378495 006T $004,N27,2033 006U $005,A26,0714 $f20040604 007A $0128170913 $aHEB 007I $0thf45280 007T $0Herd64532 009P $qapplication/pdf $A2 $3Inhaltsverzeichnis $uhttp://scans.hebis.de/HEBCGI/show.pl?12817091_toc.pdf $mV:DE-576 010@ $ager 011@ $a2004 021A $a"Ein @Wunder wie der goldene Zahn" $deine "unerhörte Begebenheit" aus dem Jahre 1593 macht Geschichte(n) $hRobert Jütte 028A $7121918424 $8Jütte, Robert$Z1954- [Tp1] $9153200707 033A $pOstfildern $nThorbecke 034D $a143 S. 034M $aIll. 041A $RPolen $RNiederschlesien $ROberschlesien $RNiederschlesien $ROberschlesien $#Schlesien $#Schlesien $#Herzogtum Schlesien $#Herzogtum Schlesien Schlesien $#Provinz Schlesien $#Śla̜sk $#Slezsko $#Silesia $74052678-1 $8Schlesien [Tg1] $9085146781 041A/01 $RWunder $74190320-1 $8Wunderglaube [Ts1] $908594274X 041A/02 $RGebiss $#Teeth $#Dents $#Denti $#Dientes $#teeth $#Tooth $74190486-2 $8Zahn [Ts1] $9085944157 045E $c390 $c130 045F $a306.09438509031 $eDDC23BSB 045F/01 $a306.09 045F/03 $f09031 045F/03 $f09032 045F/03 $g4385 045R $aGeschichte 1593-1595 045Z $8BG 4180 [Tkv] $9407432019 045Z $8LC 40140 [Tkv] $9409711764 045Z $8XB 3100 [Tkv] $9412922371 045Z $8XB 3197 [Tkv] $9412923408 046M $aLiteraturverz. S. 128 - 139 047C $aGeschichten lok: 12817091 3 101B $009-02-09 $t14:52:10.000 101C $009-02-09 101U $0utf8 145S/06 $a100 exp: 12817091 3 1 #EPN 201B/01 $019-11-08 $t12:52:34.000 201C/01 $019-11-08 201U/01 $0utf8 203@/01 $0563616822 208@/01 $a19-11-08 $bzEa 209A/01 $a/ $ds $f332 $x00 247C/01 $8601332-6 <30/332>Frankfurt am Main, Universität Frankfurt, Universitätsarchiv $9107254174 lok: 12817091 8 exp: 12817091 8 1 #EPN 201B/01 $015-04-26 $t17:15:02.000 201C/01 $027-01-09 201U/01 $0utf8 203@/01 $0566390787 208@/01 $a27-04-09 $bz 209A/01 $a/LC 40140 J93 $du $f000 $x00 209B/01 $aa025 $x05 209C/01 $a59126 209G/01 $a53356826 $x00 209G/01 $a3. Obergeschoss $x01 247C/01 $8611000-9 <17>Darmstadt, TU Darmstadt, Universitäts- und Landesbibliothek - Stadtmitte $9102595879 lok: 12817091 23 exp: 12817091 23 1 #EPN 201B/01 $008-02-17 $t03:54:09.000 201C/01 $013-05-05 201U/01 $0utf8 203@/01 $0250035715 208@/01 $a29-07-05 $bz 209A/01 $a35 2005 A 1272 $du $f030 $h2005 A 1272 $x00 209G/01 $a24010660 $x00 209G/01 $aSonderstandort Magazin Oberzwehren $x01 247C/01 $8352030-4 <34/30>Kassel, UB Kassel, Standort Brüder-Grimm-Platz, Landesbibliothek und Murhardsche Bibliothek der Stadt Kassel $9102599475 lok: 12817091 24 101B $004-05-05 $t15:15:54.000 101C $004-05-05 145Z/01 $a14 8 W 258 145Z/02 $a14 16 145Z/03 $a14 15 O 101U $0utf8 exp: 12817091 24 1 #EPN 201B/01 $004-05-05 $t15:15:54.000 201C/01 $027-04-05 203@/01 $0245675507 208@/01 $a04-05-05 $bz 209A/01 $a05.1378 $du $f050 $h05 1378 $x00 209C/01 $a05.1378 K $h05 1378 K 209G/01 $a70907623 $x00 220C/01 $awar/hae 247C/01 $8358050-7Marburg, Bibliothek des Herder-Instituts Marburg $9102600961 201U/01 $0utf8 lok: 12817091 25 exp: 12817091 25 1 #EPN 201B/01 $018-04-08 $t10:28:37.000 201C/01 $010-04-08 201U/01 $0utf8 203@/01 $0542224135 208@/01 $a18-04-08 $bzqk 209A/01 $aZahnh 49 2004 $dd $f034 $x00 209C/01 $a2008 K 0109 209G/01 $aFB 4-40 $x01 247C/01 $8651034-6 <77/034>Mainz, Universität Mainz, Fachbereich 04, Universitätsmedizin, Institut für Geschichte, Theorie und Ethik der Medizin $9102599866 lok: 12817091 76 101B $010-12-14 $t17:49:17.000 101U $0utf8 144Z/01 $aSchlesien 144Z/02 $aWunderglaube 144Z/03 $aZahn 144Z/04 $aGeschichte 1593-1595 144Z/05 $aWunder 144Z/06 $aWunderzahn 144Z/07 $aWunderzeichen 144Z/08 $aZahnwunder 144Z/09 $aWeigelsdorf 144Z/10 $aReichenbach 144Z/11 $aHelmstedt / Universität 144Z/12 $aTübingen/ Universität 144Z/13 $aWeissagung 144Z/14 $aBöhmisch-Krummau 144Z/15 $aKrumau 144Z/16 $aWilna 144Z/17 $aWunderglauben 144Z/18 $aKuala Lumpur 144Z/19 $aZahngold 144Z/20 $aAuschwitz-Lüge exp: 12817091 76 1 #EPN 201B/01 $010-12-14 $t17:49:17.000 201U/01 $0utf8 203@/01 $074617537X 208@/01 $a03-12-14 $br 209A/01 $a2005:0525 $du $f000 $h2005 0525 $x00 209C/01 $a2005:0525 $h2005 0525 209G/01 $aFUL2$0440257 $x00 209G/01 $aMagazin $x01 237A/01 $aLiteraturverz. S. 128 - 139 245S/01 $aGesch $x01 247C/01 $8648002-0 Fulda, Bibliothek des Bischöflichen Priesterseminars $9320103366 lok: 12817091 78 exp: 12817091 78 1 #EPN 201B/01 $016-05-18 $t22:56:03.000 201U/01 $0utf8 203@/01 $0791812391 208@/01 $a12-11-16 $be 209A/01 $a/ $f000 $x00 220C/01 $aTitelaufnehmer: nk;wr 237A/01 $aKulturgeschichte von Legenden am Beispiel einer Geschichte aus Weigelsdorf/Eulengebirge. - weiterführende Signatur(en): HI 05.1378 244Z/01 $2Trx $#Silesia $#Śląsk $#Sliezsko $#Slezsko $8--Trx--Schlesien $x01 $9391173987 244Z/01 $2Trx $#Weigelsdorf Eulengebirge $8--Trx--Ostroszowice$gDzierniow $x02 $9391176684 244Z/01 $#Reichenbach Eulengebirge $75057068-7 $8--Tg1--Dzierżoniów $x03 $9044717008 244Z/01 $aGeschichte 1593-2001 $x04 244Z/01 $2Trx $#muistendid ja legendid $#padavimai ir legendos $#myths and legends $#mondák és legendák $#podania i legendy $#povesti a legendy $#pověsti a legendy $#Schwänke $#Legenden $#frašky $8--Trx--Sagen und Legenden $x05 $9391382187 244Z/01 $2Trx $#Ebausk $#prietarai $#Superstition $#babona $#przesądy $#povery $#pověry $8--Trx--Aberglaube $x06 $9391354094 244Z/01 $2Trx $#teadused üldine $#mokslas bendras $#sciences $#tudományok általános $#nauka ogólnie $#vedy všeobecne $#vědy všeobecně $8--Trx--Wissenschaften$gallgemein $x07 $9391356720 244Z/01 $2Trx $8--Trx--Monographie $x08 $9391384546 245Z/01 $a11.01 $x01 247C/01 $82080>Marburg/Lahn, Herder-Institut, Forschungsbibliothek, Bibliographieportal $9336309341 lok: 12817091 204 exp: 12817091 204 1 #EPN 201B/01 $021-09-05 $t10:21:24.000 201C/01 $007-07-05 203@/01 $0267186126 208@/01 $a21-09-05 $bzp08 209A/01 $aFa 247 $ds $f084 $h084 FA 247 $x00 209C/01 $a084 82527613 209G/01 $a82527613 $x00 247C/01 $8631084-9 <26/084>Gießen, Universität Gießen, Fachbibliothek Geschichts- und Kulturwissenschaften / Bibliothek im Historischen Institut $9102596948 201U/01 $0utf8
| LEADER | 00000cam a2200000 c 4500 | ||
|---|---|---|---|
| 001 | 128170913 | ||
| 003 | DE-603 | ||
| 005 | 20230526191835.0 | ||
| 007 | tu | ||
| 008 | 050427s2004 xx |||| | u00||u|ger | ||
| 015 | |a 05,A26,0714 |z 04,N27,2033 |2 dnb | ||
| 016 | 7 | |2 DE-101 |a 971378495 | |
| 020 | |a 3799501436 | ||
| 024 | 3 | |a 9783799501439 | |
| 035 | |a (DE-599)HEB128170913 | ||
| 035 | |a (OCoLC)59615272 | ||
| 040 | |a DE-603 |b ger |c DE-603 |d DE-603 | ||
| 041 | |a ger | ||
| 082 | 0 | 4 | |8 1\u |a 306.09438509031 |q DE-101 |2 23/BSB |
| 084 | |a 390 |a 130 |q DE-101 |2 sdnb | ||
| 084 | |a BG 4180 |0 (DE-625)11275: |0 (DE-603)407432019 |2 rvk | ||
| 084 | |a LC 40140 |0 (DE-625)90650:812 |0 (DE-603)409711764 |2 rvk | ||
| 084 | |a XB 3100 |0 (DE-625)152451:12905 |0 (DE-603)412922371 |2 rvk | ||
| 084 | |a XB 3197 |0 (DE-625)152451:13006 |0 (DE-603)412923408 |2 rvk | ||
| 085 | |8 1\u |b 306.09 | ||
| 085 | |8 1\u |z 1 |s 09031 | ||
| 085 | |8 1\u |z 1 |s 09032 | ||
| 085 | |8 1\u |z 2 |s 4385 | ||
| 100 | 1 | |a Jütte, Robert |d 1954- |0 (DE-603)153200707 |0 (DE-588)121918424 |2 gnd | |
| 245 | 0 | 0 | |a "Ein Wunder wie der goldene Zahn" |b eine "unerhörte Begebenheit" aus dem Jahre 1593 macht Geschichte(n) |c Robert Jütte |
| 246 | 1 | 0 | |a Geschichten |
| 264 | 1 | |a Ostfildern |b Thorbecke |c 2004 | |
| 300 | |a 143 S. |b Ill. | ||
| 504 | |a Literaturverz. S. 128 - 139 | ||
| 648 | 7 | |a Geschichte 1593-1595 |2 gnd | |
| 650 | 7 | |a Wunderglaube |0 (DE-588)4190320-1 |0 (DE-603)08594274X |2 gnd | |
| 650 | 7 | |a Zahn |0 (DE-588)4190486-2 |0 (DE-603)085944157 |2 gnd | |
| 651 | 7 | |a Schlesien |0 (DE-588)4052678-1 |0 (DE-603)085146781 |2 gnd | |
| 856 | 4 | 2 | |m V:DE-576 |q application/pdf |u http://scans.hebis.de/HEBCGI/show.pl?12817091_toc.pdf |3 Inhaltsverzeichnis |
| 924 | 0 | |9 30/332 |a (DE-603)563616822 |b DE-30-332 |c HES |d d |g / | |
| 924 | 0 | |9 17 |a (DE-603)566390787 |b DE-17 |c HES |d c |g /LC 40140 J93 |h 3. Obergeschoss | |
| 924 | 0 | |9 34/30 |a (DE-603)250035715 |b DE-34-30 |c HES |d c |g 35 2005 A 1272 |h Sonderstandort Magazin Oberzwehren | |
| 924 | 0 | |9 Mb 50 |a (DE-603)245675507 |b DE-Mb50 |c HES |d c |g 05.1378 | |
| 924 | 0 | |9 77/034 |a (DE-603)542224135 |b DE-77-034 |c HES |d d |g Zahnh 49 2004 | |
| 924 | 0 | |9 Ful 2 |a (DE-603)74617537X |b DE-Ful2 |c HES |d d |g 2005:0525 | |
| 924 | 0 | |9 2080 |a (DE-603)791812391 |b DE-2080 |c HES |d d |g / | |
| 924 | 0 | |9 26/084 |a (DE-603)267186126 |b DE-26-084 |c HES |d d |g Fa 247 | |


